000 00417nam a2200169Ia 4500
008 230524s9999 xx 000 0 und d
020 _a9789380578255
082 _a526.9
_bBHA
100 _aS.S.Bhavikatti
245 0 _aSurveying Theory and practice
250 _a1
260 _aNew Delhi
_bI.K.International
_c2010
300 _a"XIX,832p;"
500 _aQuantity Number: 1
650 _aCivil
942 _cBK
999 _c57879
_d57879